Normal view
MARC view
Entry Personal Name
001 - CONTROL NUMBER
- control field: 57513
003 - CONTROL NUMBER IDENTIFIER
- control field: OSt
005 - DATE AND TIME OF LATEST TRANSACTION
- control field: 20251022110512.0
008 - FIXED-LENGTH DATA ELEMENTS
- fixed length control field: 251022|| aca||aabn | a|a d
040 ## - CATALOGING SOURCE
- Original cataloging agency: OSt
- Transcribing agency: OSt
100 ## - HEADING--PERSONAL NAME
- Personal name: Datta, Partho
670 ## - SOURCE DATA FOUND
- Source citation: Work cat.: (OSt): Datta, Partho , Music and musicians in late Mughal India, histories of the ephemeral, the scattered court, Hindustani music in colonial Bengal: Music in colonial Punjab, courtesans, bards, and connoisseurs, 1800–1947
